书目信息 |
| 题名: |
哥白尼革命
|
|
| 作者: | 库恩 著 ;吴国盛 译 | |
| 分册: | ||
| 出版信息: | 北京 北京大学出版社 2003 |
|
| 页数: | 302页 | |
| 开本: | 20cm | |
| 丛书名: | 北京大学科技哲学丛书 | |
| 单 册: | ||
| 中图分类: | P134 | |
| 科图分类: | ||
| 主题词: | 太阳系--天体运动理论 | |
| 电子资源: | ||
| ISBN: | 7-301-06099-8 | |
| 000 | 00811nam0 2200241 450 | |
| 001 | 0651220687 | |
| 005 | 20060117141932.50 | |
| 010 | @a7-301-06099-8@dCNY20.00 | |
| 100 | @a20060117d2003 km y0chiy0120 ea | |
| 101 | 0 | @achi@ceng |
| 102 | @aCN@b110000 | |
| 200 | 1 | @a哥白尼革命@Age bai ni ge ming@e西方思想发展中行星天文学@f(美)托马斯·库恩著@F(mei)tuo ma si·ku en zhu@g吴国盛等译 |
| 210 | @a北京@c北京大学出版社@d2003 | |
| 215 | 1 | @a302页@d20cm |
| 225 | @a北京大学科技哲学丛书@h第一辑 | |
| 410 | 0 | @12001 @a北京大学科技哲学丛书 |
| 517 | 1 | @a西方思想发展中行星天文学@Axi fang si xiang fa zhan zhong xing xing tian wen xue |
| 606 | 0 | @a太阳系@x天体运动理论 |
| 690 | @aP134@v4 | |
| 701 | 0 | @a库恩@Aku en@4著 |
| 702 | 0 | @a吴国盛@Awu guo sheng@4译 |
| 801 | 0 | @aCN@bPFT@c20060117 |
| 905 | @a10447@dP134@e90 | |
| 哥白尼革命:西方思想发展中行星天文学/(美)托马斯·库恩著/吴国盛等译.-北京:北京大学出版社,2003 |
| 302页;20cm.-(北京大学科技哲学丛书.第一辑) |
| ISBN 7-301-06099-8:CNY20.00 |
| ● |
| 相关链接 |
|
|
|
|
正题名:哥白尼革命
索取号:P134/90
 
预约/预借
| 序号 | 登录号 | 条形码 | 馆藏地/架位号 | 状态 | 备注 |
| 1 | 0338101 | 203381018 | 第二样本阅览室/ [索取号:P134/90] | 在馆 | |
| 2 | 0338102 | 203381027 | 第三借阅区/ [索取号:P134/90] | 在馆 | |
| 3 | 0338103 | 203381036 | 第三借阅区/ [索取号:P134/90] | 在馆 |